=LDR 00000nam 2200000 4500 =001 INLIS000000001054061 =005 20251028081542 =035 ##$$a 0010-1025000008 =007 ta =008 251028################a##########0###### =020 ##$$a 978-89-543-3632-1 =082 ##$$a 025.55 =084 ##$$a 025.55 KIM p =100 #$$a Kim Bok-hee =245 1#$$a Pengantin siput sawah /$c Kim Bok-hee =260 ##$$a Gyeonggi :$b Kore Piaget,$c 2011 =300 ##$$a 27 halaman : $b ilustrasi ; $c 23 x 26 cm =650 #4$$a Bacaan Kanak-kanak =990 ##$$a 09260926